000 00425nam a2200157Ia 4500
008 230718s9999 xx 000 0 und d
041 _aeng
082 _a621.3815'3
_bGOG
100 _aGogate A.B.
245 _aElectronic Devices And Circuits II
260 _c1994
_bNirali Prakashan
300 _a316
365 _cRs.
_b65.00
700 _aGogate A.B., Satawane M.S. & Rao P.C.
906 _dB:6225-Apr-1994
_cETC
_b9.75
999 _c292305
_d292305